Country Connect by Southernmost Point - Statistics

General Stats
  • This quiz has been taken 251 times
    225 since last reset
  • The average score is 130 of 156
Answers on the Map
Answers color-coded by a green-red scale on the quiz's map according to % correct below.
 
Answer Stats
Answer % Correct
Chile
100%
Brazil
100%
Argentina
100%
Uruguay
100%
Colombia
99%
Bolivia
99%
Ecuador
99%
Paraguay
99%
Venezuela
99%
Peru
99%
France
95%
Guyana
95%
Suriname
95%
Spain
94%
Morocco
92%
Mauritania
91%
Liberia
91%
Mali
91%
Ivory Coast
91%
Senegal
90%
Guinea-Bissau
90%
Sierra Leone
90%
Guinea
90%
Gambia
89%
Benin
88%
Ghana
88%
Nigeria
88%
Togo
88%
Angola
86%
Botswana
86%
Cameroon
86%
Democratic Republic of the Congo
86%
Eswatini
86%
Lesotho
86%
Malawi
86%
Mozambique
86%
Namibia
86%
Republic of the Congo
86%
South Africa
86%
Tanzania
86%
Zambia
86%
Zimbabwe
86%
Burundi
85%
Central African Republic
85%
Chad
85%
Djibouti
85%
Eritrea
85%
Ethiopia
85%
Kenya
85%
Rwanda
85%
Somalia
85%
South Sudan
85%
Sudan
85%
Uganda
85%
Algeria
84%
Burkina Faso
84%
East Timor
84%
Egypt
84%
India
84%
Indonesia
84%
Iran
84%
Iraq
84%
Israel/Palestine
84%
Jordan
84%
Kuwait
84%
Libya
84%
Malaysia
84%
Myanmar
84%
Niger
84%
Oman
84%
Pakistan
84%
Papua New Guinea
84%
Qatar
84%
Saudi Arabia
84%
Thailand
84%
Tunisia
84%
United Arab Emirates
84%
Yemen
84%
Afghanistan
83%
Bhutan
83%
Cambodia
83%
China
83%
Kazakhstan
83%
Kyrgyzstan
83%
Laos
83%
Nepal
83%
Tajikistan
83%
Turkmenistan
83%
Uzbekistan
83%
Vietnam
83%
Albania
82%
Azerbaijan
82%
Bosnia and Herzegovina
82%
Brunei
82%
Bulgaria
82%
Croatia
82%
Greece
82%
Kosovo
82%
Lebanon
82%
Montenegro
82%
North Korea
82%
North Macedonia
82%
Russia
82%
Serbia
82%
South Korea
82%
Syria
82%
Turkey
82%
Austria
81%
Belarus
81%
Czech Republic
81%
Estonia
81%
Germany
81%
Hungary
81%
Italy
81%
Latvia
81%
Lithuania
81%
Moldova
81%
Poland
81%
Romania
81%
San Marino
81%
Slovakia
81%
Slovenia
81%
Switzerland
81%
Ukraine
81%
Vatican
81%
Belgium
78%
Denmark
78%
Luxembourg
78%
Netherlands
78%
Liechtenstein
77%
Armenia
76%
Georgia
76%
Finland
75%
Gabon
75%
Mongolia
75%
Norway
75%
Portugal
75%
Sweden
75%
Bangladesh
74%
Equatorial Guinea
74%
Belize
69%
Canada
69%
Costa Rica
69%
Dominican Republic
69%
El Salvador
69%
Guatemala
69%
Haiti
69%
Honduras
69%
Ireland
69%
Mexico
69%
Nicaragua
69%
Panama
69%
United Kingdom
69%
United States of America
69%
Andorra
67%
Monaco
67%
No matching quizzes found
Score Distribution
Percent of People with Each Score
Percentile by Number Answered
Your Score History
You have not taken this quiz since the last reset